000 00507nam a2200193 a 4500
001 1771666394624
003 YourLibrary
005 20260221150455.0
008 260221s2000##################000#0#eng##
020 _a9780875849010
082 0 4 _a338.9
_bEMM
100 1 _aEmmons, Willis,
_eauthor.
245 1 0 _aThe Evolving Bargain :
260 _bHarvard Business Press,
_c2000.
300 _a259 pages
650 0 _aBusiness & Economics.
942 _cENGLISH
040 _aYourLibrary
_beng
_cYourLibrary
999 _c615334
_d615334